000 00699nam a22002057a 4500
005 20251108170524.0
008 250721s1997 xx 000 0 ara d
082 1 4 _a737.409/يوس
100 1 _aيوسف، ماجدة
245 1 0 _aالصنج الزجاجية للسكة الفاطمية المحفوظة بمتحف الفن الإسلامي بالقاهرة /
264 1 _aالقاهرة :
_bمكتبة زهراء الشرق،
_c1997.
300 _a31ص
650 1 7 _aالنقود المعدنية
650 1 7 _aالعملات التذكارية
650 1 7 _aالفنون الإسلامية
650 1 7 _aالآثار
650 1 7 _aالنميات
942 _2ddc
_cBK
999 _c42563
_d42563